[Event "Королевский Гамбит. Южный Федеральный округ."]
[Date "2025-11-21"]
[Round "5.1"]
[Board "1"]
[White "Асламазян Богдан"]
[WhiteElo "1009"]
[Black "Дегтярюк Станислав"]
[BlackElo "971"]
[WebSite "https://www.chessopen.ru"]
[GameId "5c5e38b3-ffba-4b3a-9468-fc840d446388"]
[Result "1-0"]

1. e4 { [%clk 0:10:00] } e5 { [%clk 0:09:51] } 2. Nf3 { [%clk 0:09:58] } Nc6 {
[%clk 0:09:32] } 3. d4 { [%clk 0:09:50] } d6 { [%clk 0:09:30] } 4. d5 { [%clk
0:09:48] } Nb4 { [%clk 0:09:18] } 5. Bd2 { [%clk 0:09:40] } a5 { [%clk 0:09:14]
} 6. c3 { [%clk 0:09:37] } Na6 { [%clk 0:08:55] } 7. Bxa6 { [%clk 0:09:31] }
Rxa6 { [%clk 0:08:46] } 8. Bg5 { [%clk 0:09:27] } Nf6 { [%clk 0:08:45] } 9.
Bxf6 { [%clk 0:09:27] } Qxf6 { [%clk 0:08:44] } 10. O-O { [%clk 0:09:22] } g6 {
[%clk 0:08:44] } 11. Nbd2 { [%clk 0:09:15] } Bg7 { [%clk 0:08:34] } 12. Nc4 {
[%clk 0:08:53] } O-O { [%clk 0:08:35] } 13. Qd3 { [%clk 0:08:47] } c6 { [%clk
0:08:17] } 14. b4 { [%clk 0:08:41] } cxd5 { [%clk 0:07:49] } 15. Nxa5 { [%clk
0:08:39] } dxe4 { [%clk 0:07:47] } 16. Qxe4 { [%clk 0:08:37] } b6 { [%clk
0:07:44] } 17. Nc6 { [%clk 0:08:34] } Bb7 { [%clk 0:07:44] } 18. Qd3 { [%clk
0:08:29] } Bxc6 { [%clk 0:07:37] } 19. Qxa6 { [%clk 0:08:24] } e4 { [%clk
0:07:37] } 20. Nd4 { [%clk 0:08:21] } Bd5 { [%clk 0:07:36] } 21. f3 { [%clk
0:08:15] } exf3 { [%clk 0:07:35] } 22. gxf3 { [%clk 0:08:16] } Qg5+ { [%clk
0:07:36] } 23. Kf2 { [%clk 0:08:14] } Bxd4+ { [%clk 0:07:36] } 24. cxd4 { [%clk
0:08:14] } Qd2+ { [%clk 0:07:32] } 25. Kg3 { [%clk 0:08:13] } Qxd4 { [%clk
0:07:32] } 26. Rad1 { [%clk 0:08:08] } Qe5+ { [%clk 0:07:31] } 27. Kf2 { [%clk
0:08:02] } Qf5 { [%clk 0:07:27] } 28. Rd2 { [%clk 0:07:57] } Qxf3+ { [%clk
0:07:27] } 29. Ke1 { [%clk 0:07:53] } Qe3+ { [%clk 0:07:29] } 30. Re2 { [%clk
0:07:52] } Bf3 { [%clk 0:07:28] } 31. Rxe3 { [%clk 0:07:52] } Be2 { [%clk
0:07:27] } 32. Kxe2 { [%clk 0:07:51] } Re8 { [%clk 0:07:29] } 33. Rxe8+ { [%clk
0:07:51] } 1-0

[Event "Королевский Гамбит. Южный Федеральный округ."]
[Date "2025-11-21"]
[Round "5.1"]
[Board "1"]
[White "Кобызев Ярослав"]
[WhiteElo "962"]
[Black "Гончаров Константин"]
[BlackElo "1019"]
[WebSite "https://www.chessopen.ru"]
[GameId "eb9ab5db-4359-4909-a3e8-7d57fae678d9"]
[Result "0-1"]

1. e4 { [%clk 0:10:00] } e5 { [%clk 0:09:59] } 2. Nf3 { [%clk 0:09:59] } Nc6 {
[%clk 0:10:00] } 3. Bc4 { [%clk 0:09:56] } Nf6 { [%clk 0:10:01] } 4. Nc3 {
[%clk 0:09:56] } Nxe4 { [%clk 0:10:02] } 5. Nxe4 { [%clk 0:09:44] } d5 { [%clk
0:10:00] } 6. Bxd5 { [%clk 0:09:44] } Qxd5 { [%clk 0:09:56] } 7. Neg5 { [%clk
0:09:41] } h6 { [%clk 0:09:50] } 8. Nh3 { [%clk 0:09:27] } Bg4 { [%clk 0:09:37]
} 9. O-O { [%clk 0:09:25] } Bxf3 { [%clk 0:09:37] } 10. gxf3 { [%clk 0:09:22] }
Nd4 { [%clk 0:09:34] } 11. Kg2 { [%clk 0:09:09] } O-O-O { [%clk 0:09:33] } 12.
c3 { [%clk 0:09:08] } Nf5 { [%clk 0:09:25] } 13. b3 { [%clk 0:09:05] } Rd6 {
[%clk 0:09:20] } 14. c4 { [%clk 0:09:06] } Qc6 { [%clk 0:09:13] } 15. Ba3 {
[%clk 0:08:58] } Nh4+ { [%clk 0:09:12] } 16. Kg3 { [%clk 0:08:55] } Rg6+ {
[%clk 0:08:37] } 17. Kxh4 { [%clk 0:08:50] } Qf6+ { [%clk 0:08:38] } 18. Kh5 {
[%clk 0:08:34] } Bxa3 { [%clk 0:08:21] } 19. Rg1 { [%clk 0:08:21] } Qf5+ {
[%clk 0:08:06] } 20. Ng5 { [%clk 0:08:15] } hxg5# { [%clk 0:08:05] } 0-1

[Event "Королевский Гамбит. Южный Федеральный округ."]
[Date "2025-11-21"]
[Round "5.1"]
[Board "1"]
[White "Левченко Владимир"]
[WhiteElo "980"]
[Black "Шалай Мирослав"]
[BlackElo "1028"]
[WebSite "https://www.chessopen.ru"]
[GameId "ac901e97-091b-4d63-a946-a0a0f4ae0534"]
[Result "0-1"]

1. e4 { [%clk 0:09:59] } e5 { [%clk 0:09:56] } 2. Nf3 { [%clk 0:09:59] } Nc6 {
[%clk 0:09:56] } 3. Bc4 { [%clk 0:09:59] } Bc5 { [%clk 0:09:52] } 4. O-O {
[%clk 0:09:56] } Nf6 { [%clk 0:09:52] } 5. Ng5 { [%clk 0:09:30] } O-O { [%clk
0:09:50] } 6. Bxf7+ { [%clk 0:09:29] } Rxf7 { [%clk 0:09:51] } 7. Nxf7 { [%clk
0:09:24] } Kxf7 { [%clk 0:09:54] } 8. Qf3 { [%clk 0:09:21] } Kf8 { [%clk
0:09:52] } 9. d3 { [%clk 0:09:18] } Bd4 { [%clk 0:09:50] } 10. Qg3 { [%clk
0:09:12] } d6 { [%clk 0:09:43] } 11. Bh6 { [%clk 0:09:00] } gxh6 { [%clk
0:09:40] } 12. Nd2 { [%clk 0:08:52] } Bxb2 { [%clk 0:09:38] } 13. Nf3 { [%clk
0:08:51] } Nh5 { [%clk 0:09:34] } 14. Qg6 { [%clk 0:08:38] } hxg6 { [%clk
0:09:32] } 15. Rab1 { [%clk 0:08:24] } Ba3 { [%clk 0:09:24] } 16. Rb3 { [%clk
0:08:24] } Qg5 { [%clk 0:09:23] } 17. Nxg5 { [%clk 0:08:22] } hxg5 { [%clk
0:09:23] } 18. Rxa3 { [%clk 0:08:19] } Nd4 { [%clk 0:09:18] } 19. Kh1 { [%clk
0:08:10] } Nxc2 { [%clk 0:08:57] } 20. Rc3 { [%clk 0:08:04] } Nd4 { [%clk
0:08:53] } 21. Rxc7 { [%clk 0:08:02] } Be6 { [%clk 0:08:39] } 22. Rh7 { [%clk
0:07:52] } Nf4 { [%clk 0:08:33] } 23. g3 { [%clk 0:07:33] } Nxd3 { [%clk
0:08:32] } 24. Rh8+ { [%clk 0:07:18] } Bg8 { [%clk 0:08:30] } 25. Rh3 { [%clk
0:07:03] } Rc8 { [%clk 0:08:15] } 26. g4 { [%clk 0:07:01] } Nf4 { [%clk
0:08:11] } 27. Rf3 { [%clk 0:07:00] } Bxa2 { [%clk 0:08:07] } 28. Ra1 { [%clk
0:06:55] } Rc7 { [%clk 0:07:50] } 29. h3 { [%clk 0:06:35] } Nxf3 { [%clk
0:07:36] } 30. h4 { [%clk 0:06:05] } gxh4 { [%clk 0:07:30] } 31. Rg1 { [%clk
0:06:00] } Nxg1 { [%clk 0:07:30] } 32. Kxg1 { [%clk 0:06:01] } Rc1+ { [%clk
0:07:29] } 33. Kh2 { [%clk 0:06:01] } g5 { [%clk 0:07:28] } 34. f3 { [%clk
0:06:00] } Rc2+ { [%clk 0:07:16] } 35. Kg1 { [%clk 0:05:49] } b5 { [%clk
0:07:18] } 36. Kf1 { [%clk 0:05:47] } b4 { [%clk 0:07:17] } 37. Ke1 { [%clk
0:05:49] } b3 { [%clk 0:07:15] } 38. Kd1 { [%clk 0:05:50] } Rh2 { [%clk
0:07:16] } 39. Kc1 { [%clk 0:05:48] } Nd3+ { [%clk 0:07:18] } 40. Kd1 { [%clk
0:05:43] } b2 { [%clk 0:07:16] } 41. f4 { [%clk 0:05:39] } b1=Q# { [%clk
0:07:14] } 0-1

[Event "Королевский Гамбит. Южный Федеральный округ."]
[Date "2025-11-21"]
[Round "5.1"]
[Board "1"]
[White "Мартиросянц Арман"]
[WhiteElo "1036"]
[Black "Зиновьев Владислав"]
[BlackElo "1001"]
[WebSite "https://www.chessopen.ru"]
[GameId "d9770cb0-d8cb-4942-82eb-f4ad8e13f4b1"]
[Result "0-1"]

1. e4 { [%clk 0:10:01] } e5 { [%clk 0:10:01] } 2. Nf3 { [%clk 0:10:00] } Nc6 {
[%clk 0:10:03] } 3. Bc4 { [%clk 0:10:02] } Bc5 { [%clk 0:10:03] } 4. c3 { [%clk
0:10:03] } Nf6 { [%clk 0:10:03] } 5. d4 { [%clk 0:10:03] } exd4 { [%clk
0:10:02] } 6. cxd4 { [%clk 0:10:00] } Bb4+ { [%clk 0:10:03] } 7. Nc3 { [%clk
0:10:01] } Nxe4 { [%clk 0:10:04] } 8. O-O { [%clk 0:10:02] } Bxc3 { [%clk
0:09:53] } 9. bxc3 { [%clk 0:10:01] } d5 { [%clk 0:09:55] } 10. Bd3 { [%clk
0:10:01] } O-O { [%clk 0:09:55] } 11. Re1 { [%clk 0:10:02] } Re8 { [%clk
0:09:53] } 12. Qc2 { [%clk 0:10:01] } Bf5 { [%clk 0:09:50] } 13. Ba3 { [%clk
0:09:48] } Qf6 { [%clk 0:09:38] } 14. h3 { [%clk 0:09:29] } Bg6 { [%clk
0:09:24] } 15. Re2 { [%clk 0:09:04] } Re6 { [%clk 0:09:22] } 16. Rae1 { [%clk
0:09:01] } Rae8 { [%clk 0:09:19] } 17. Bb2 { [%clk 0:08:42] } Nd6 { [%clk
0:09:08] } 18. Rxe6 { [%clk 0:08:34] } Rxe6 { [%clk 0:09:09] } 19. Rxe6 { [%clk
0:08:35] } Qxe6 { [%clk 0:09:03] } 20. Bxg6 { [%clk 0:08:37] } Qxg6 { [%clk
0:09:03] } 21. Qxg6 { [%clk 0:08:36] } hxg6 { [%clk 0:09:04] } 22. Kf1 { [%clk
0:08:38] } f6 { [%clk 0:09:04] } 23. Ke2 { [%clk 0:08:31] } Kf7 { [%clk
0:09:05] } 24. Kd3 { [%clk 0:08:32] } Na5 { [%clk 0:09:05] } 25. Ba3 { [%clk
0:08:27] } Nac4 { [%clk 0:09:01] } 26. Bxd6 { [%clk 0:08:27] } Nxd6 { [%clk
0:09:04] } 27. Nd2 { [%clk 0:08:22] } Ke6 { [%clk 0:09:02] } 28. g3 { [%clk
0:08:20] } f5 { [%clk 0:09:01] } 29. f4 { [%clk 0:08:19] } Ne4 { [%clk 0:09:00]
} 30. Nxe4 { [%clk 0:08:15] } fxe4+ { [%clk 0:09:03] } 31. Ke3 { [%clk 0:08:17]
} b6 { [%clk 0:08:57] } 32. g4 { [%clk 0:08:16] } c5 { [%clk 0:08:56] } 33.
dxc5 { [%clk 0:08:10] } bxc5 { [%clk 0:08:59] } 34. h4 { [%clk 0:08:08] } a6 {
[%clk 0:08:57] } 35. a4 { [%clk 0:08:10] } a5 { [%clk 0:08:57] } 36. h5 { [%clk
0:08:08] } gxh5 { [%clk 0:08:58] } 37. gxh5 { [%clk 0:08:10] } Kf5 { [%clk
0:08:58] } 38. Kf2 { [%clk 0:08:02] } d4 { [%clk 0:08:57] } 39. cxd4 { [%clk
0:08:03] } cxd4 { [%clk 0:09:00] } 40. Ke2 { [%clk 0:08:04] } Kxf4 { [%clk
0:09:01] } 41. Kf2 { [%clk 0:08:06] } Kg5 { [%clk 0:09:01] } 42. Kg3 { [%clk
0:08:05] } d3 { [%clk 0:09:01] } 43. Kf2 { [%clk 0:08:06] } Kxh5 { [%clk
0:09:02] } 44. Ke3 { [%clk 0:08:08] } g5 { [%clk 0:09:03] } 45. Kxe4 { [%clk
0:08:10] } d2 { [%clk 0:09:04] } 46. Ke3 { [%clk 0:08:13] } d1=Q { [%clk
0:09:05] } 47. Ke4 { [%clk 0:08:15] } Qd6 { [%clk 0:09:06] } 48. Kf5 { [%clk
0:08:17] } Qf4+ { [%clk 0:09:05] } 49. Ke6 { [%clk 0:08:18] } g4 { [%clk
0:09:06] } 50. Kd5 { [%clk 0:08:19] } g3 { [%clk 0:09:05] } 51. Kc5 { [%clk
0:08:20] } g2 { [%clk 0:09:04] } 52. Kb5 { [%clk 0:08:22] } Qe5+ { [%clk
0:09:04] } 53. Ka6 { [%clk 0:08:21] } g1=Q { [%clk 0:09:02] } 54. Kb7 { [%clk
0:08:21] } Qgg7+ { [%clk 0:09:03] } 55. Kc6 { [%clk 0:08:22] } Qgf6+ { [%clk
0:09:04] } 56. Kb7 { [%clk 0:08:20] } Qee7+ { [%clk 0:09:07] } 57. Kc8 { [%clk
0:08:21] } Qff8# { [%clk 0:09:08] } 0-1

[Event "Королевский Гамбит. Южный Федеральный округ."]
[Date "2025-11-21"]
[Round "5.1"]
[Board "1"]
[White "Твердов Ратмир"]
[WhiteElo "1039"]
[Black "Балакин Данил"]
[BlackElo "962"]
[WebSite "https://www.chessopen.ru"]
[GameId "2929bd42-bb0c-4cbd-90b2-81a7a4e905c0"]
[Result "1-0"]

1. e4 { [%clk 0:10:01] } e5 { [%clk 0:10:01] } 2. Nf3 { [%clk 0:10:02] } Nc6 {
[%clk 0:10:00] } 3. Bb5 { [%clk 0:10:04] } d6 { [%clk 0:10:00] } 4. d4 { [%clk
0:10:04] } Nf6 { [%clk 0:09:50] } 5. dxe5 { [%clk 0:09:59] } Nxe4 { [%clk
0:09:47] } 6. O-O { [%clk 0:09:55] } a6 { [%clk 0:09:46] } 7. Bxc6+ { [%clk
0:09:55] } bxc6 { [%clk 0:09:44] } 8. Re1 { [%clk 0:09:55] } Be7 { [%clk
0:09:41] } 9. Rxe4 { [%clk 0:09:55] } Bf5 { [%clk 0:09:39] } 10. Re1 { [%clk
0:09:56] } O-O { [%clk 0:09:37] } 11. Nc3 { [%clk 0:09:56] } Qb8 { [%clk
0:09:24] } 12. Nd4 { [%clk 0:09:51] } dxe5 { [%clk 0:09:22] } 13. Nxf5 { [%clk
0:09:51] } Bc5 { [%clk 0:09:17] } 14. Qg4 { [%clk 0:09:51] } g6 { [%clk
0:09:12] } 15. Nh6+ { [%clk 0:09:41] } Kh8 { [%clk 0:09:11] } 16. Qg3 { [%clk
0:09:41] } Bd6 { [%clk 0:09:06] } 17. Bg5 { [%clk 0:09:36] } e4 { [%clk
0:09:04] } 18. Bf6# { [%clk 0:09:38] } 1-0

[Event "Королевский Гамбит. Южный Федеральный округ."]
[Date "2025-11-21"]
[Round "5.1"]
[Board "1"]
[White "Ширшов Светослав"]
[WhiteElo "1029"]
[Black "Игнатьев Матвей"]
[BlackElo "982"]
[WebSite "https://www.chessopen.ru"]
[GameId "66461b29-7c9d-4f6e-9a70-98a077ce9b3b"]
[Result "1-0"]

1. e4 { [%clk 0:10:00] } e6 { [%clk 0:09:58] } 2. Nf3 { [%clk 0:10:01] } Nf6 {
[%clk 0:09:53] } 3. Nc3 { [%clk 0:10:02] } Bb4 { [%clk 0:09:49] } 4. Bd3 {
[%clk 0:09:57] } d5 { [%clk 0:09:15] } 5. exd5 { [%clk 0:09:57] } Nxd5 { [%clk
0:09:03] } 6. Nxd5 { [%clk 0:09:56] } Qxd5 { [%clk 0:08:58] } 7. O-O { [%clk
0:09:54] } Nc6 { [%clk 0:08:24] } 8. Qe2 { [%clk 0:09:39] } Bd7 { [%clk
0:08:17] } 9. Bc4 { [%clk 0:09:33] } Nd4 { [%clk 0:08:03] } 10. Nxd4 { [%clk
0:09:28] } Qxd4 { [%clk 0:08:02] } 11. c3 { [%clk 0:09:26] } Bxc3 { [%clk
0:07:48] } 12. dxc3 { [%clk 0:09:24] } Qf6 { [%clk 0:07:38] } 13. Be3 { [%clk
0:09:13] } Bc6 { [%clk 0:07:27] } 14. Bb5 { [%clk 0:08:49] } h5 { [%clk
0:06:55] } 15. Bxc6+ { [%clk 0:08:48] } bxc6 { [%clk 0:06:55] } 16. Bd4 { [%clk
0:08:41] } Qg6 { [%clk 0:06:42] } 17. Qe5 { [%clk 0:08:32] } h4 { [%clk
0:06:14] } 18. Qxg7 { [%clk 0:08:30] } Rg8 { [%clk 0:06:12] } 19. Qxg6 { [%clk
0:08:30] } Rxg6 { [%clk 0:06:12] } 20. Rfe1 { [%clk 0:08:22] } O-O-O { [%clk
0:05:40] } 21. Rad1 { [%clk 0:08:06] } Rdg8 { [%clk 0:05:33] } 22. g3 { [%clk
0:07:46] } hxg3 { [%clk 0:05:13] } 23. fxg3 { [%clk 0:07:42] } Rg4 { [%clk
0:05:12] } 24. Bxa7 { [%clk 0:07:22] } Ra4 { [%clk 0:04:43] } 25. Bd4 { [%clk
0:07:11] } Rxa2 { [%clk 0:04:07] } 26. b4 { [%clk 0:07:05] } Kb7 { [%clk
0:02:30] } 27. Ra1 { [%clk 0:07:01] } Rc2 { [%clk 0:02:23] } 28. Ra7+ { [%clk
0:07:01] } Kb8 { [%clk 0:02:23] } 29. Rea1 { [%clk 0:06:59] } 1-0

[Event "Королевский Гамбит. Южный Федеральный округ."]
[Date "2025-11-21"]
[Round "5.2"]
[Board "2"]
[White "Гончаров Никита"]
[WhiteElo "1019"]
[Black "Кобызев Артём"]
[BlackElo "962"]
[WebSite "https://www.chessopen.ru"]
[GameId "c3605da3-fcff-4ab2-991b-0b41f534b7b2"]
[Result "1-0"]

1. e4 { [%clk 0:10:00] } e5 { [%clk 0:10:00] } 2. Nf3 { [%clk 0:09:59] } Nc6 {
[%clk 0:10:00] } 3. Nc3 { [%clk 0:10:00] } Nf6 { [%clk 0:10:00] } 4. Nxe5 {
[%clk 0:10:00] } Nxe5 { [%clk 0:10:01] } 5. d4 { [%clk 0:10:01] } Nc6 { [%clk
0:09:58] } 6. d5 { [%clk 0:10:02] } Nd4 { [%clk 0:09:56] } 7. Qxd4 { [%clk
0:10:01] } Bb4 { [%clk 0:09:49] } 8. Qxb4 { [%clk 0:10:01] } d6 { [%clk
0:09:44] } 9. Bg5 { [%clk 0:09:58] } Bd7 { [%clk 0:09:33] } 10. O-O-O { [%clk
0:09:37] } Bg4 { [%clk 0:09:26] } 11. f3 { [%clk 0:09:35] } Bh5 { [%clk
0:09:20] } 12. Bb5+ { [%clk 0:09:33] } c6 { [%clk 0:09:16] } 13. dxc6 { [%clk
0:09:34] } bxc6 { [%clk 0:09:16] } 14. Bxc6+ { [%clk 0:09:34] } Kf8 { [%clk
0:09:03] } 15. Rxd6 { [%clk 0:09:24] } Qe7 { [%clk 0:08:51] } 16. Bxa8 { [%clk
0:09:19] } h6 { [%clk 0:08:28] } 17. Bxf6 { [%clk 0:09:06] } Qc7 { [%clk
0:08:03] } 18. Rd8# { [%clk 0:08:46] } 1-0

[Event "Королевский Гамбит. Южный Федеральный округ."]
[Date "2025-11-21"]
[Round "5.2"]
[Board "2"]
[White "Краль Ян"]
[WhiteElo "1038"]
[Black "Коростылев Марк"]
[BlackElo "1017"]
[WebSite "https://www.chessopen.ru"]
[GameId "16065a24-621f-4ce7-b61e-50015d132655"]
[Result "1-0"]

1. e4 { [%clk 0:10:01] } e5 { [%clk 0:10:01] } 2. Nf3 { [%clk 0:10:00] } Nc6 {
[%clk 0:10:03] } 3. d4 { [%clk 0:10:02] } Qe7 { [%clk 0:09:54] } 4. d5 { [%clk
0:10:00] } Nb4 { [%clk 0:09:43] } 5. c3 { [%clk 0:09:58] } Na6 { [%clk 0:09:32]
} 6. Bxa6 { [%clk 0:09:55] } bxa6 { [%clk 0:09:33] } 7. O-O { [%clk 0:09:55] }
Nf6 { [%clk 0:09:26] } 8. Bg5 { [%clk 0:09:54] } h6 { [%clk 0:09:25] } 9. Bxf6
{ [%clk 0:09:54] } Qxf6 { [%clk 0:09:25] } 10. Na3 { [%clk 0:09:49] } d6 {
[%clk 0:09:11] } 11. Nc4 { [%clk 0:09:45] } Qg6 { [%clk 0:09:08] } 12. Kh1 {
[%clk 0:09:11] } Be7 { [%clk 0:08:40] } 13. Re1 { [%clk 0:09:06] } O-O { [%clk
0:08:36] } 14. Na5 { [%clk 0:09:04] } f5 { [%clk 0:08:02] } 15. Nc6 { [%clk
0:09:01] } Bg5 { [%clk 0:07:36] } 16. Nxg5 { [%clk 0:08:58] } Qxg5 { [%clk
0:07:34] } 17. exf5 { [%clk 0:08:57] } Bd7 { [%clk 0:07:23] } 18. Qc2 { [%clk
0:08:42] } Bxf5 { [%clk 0:07:06] } 19. Qe2 { [%clk 0:08:39] } Kh8 { [%clk
0:06:38] } 20. Qe3 { [%clk 0:07:51] } Qg6 { [%clk 0:05:52] } 21. Ne7 { [%clk
0:07:49] } Qf6 { [%clk 0:05:37] } 22. Nxf5 { [%clk 0:07:44] } Qxf5 { [%clk
0:05:37] } 23. f3 { [%clk 0:07:41] } Rab8 { [%clk 0:05:30] } 24. Rab1 { [%clk
0:07:39] } Qc2 { [%clk 0:04:43] } 25. Qxa7 { [%clk 0:07:31] } Rfe8 { [%clk
0:04:10] } 26. Qxa6 { [%clk 0:07:28] } e4 { [%clk 0:04:02] } 27. Qc6 { [%clk
0:07:18] } Re5 { [%clk 0:03:24] } 28. f4 { [%clk 0:07:16] } Rf5 { [%clk
0:03:15] } 29. Qxc7 { [%clk 0:07:11] } Rg8 { [%clk 0:03:09] } 30. Qxd6 { [%clk
0:07:10] } Rxf4 { [%clk 0:03:06] } 31. Qxf4 { [%clk 0:07:01] } Re8 { [%clk
0:03:00] } 32. d6 { [%clk 0:07:02] } Qa4 { [%clk 0:02:51] } 33. Qf7 { [%clk
0:06:57] } Rg8 { [%clk 0:02:34] } 34. d7 { [%clk 0:06:55] } Qxa2 { [%clk
0:02:23] } 35. Qxa2 { [%clk 0:06:39] } Rd8 { [%clk 0:02:20] } 36. Rxe4 { [%clk
0:06:34] } Rxd7 { [%clk 0:02:21] } 37. c4 { [%clk 0:06:35] } Rd2 { [%clk
0:02:19] } 38. c5 { [%clk 0:06:21] } Rc2 { [%clk 0:02:18] } 39. Rc4 { [%clk
0:06:21] } Rd2 { [%clk 0:02:16] } 40. c6 { [%clk 0:06:16] } Rd8 { [%clk
0:02:11] } 41. Qa7 { [%clk 0:06:12] } Rc8 { [%clk 0:02:07] } 42. Qb7 { [%clk
0:06:12] } Rxc6 { [%clk 0:02:02] } 43. Qxc6 { [%clk 0:06:12] } Kh7 { [%clk
0:02:03] } 44. b4 { [%clk 0:05:57] } g5 { [%clk 0:01:51] } 45. b5 { [%clk
0:06:00] } Kg7 { [%clk 0:01:50] } 46. b6 { [%clk 0:06:03] } Kf7 { [%clk
0:01:51] } 47. b7 { [%clk 0:06:06] } Ke7 { [%clk 0:01:52] } 48. b8=Q { [%clk
0:06:05] } g4 { [%clk 0:01:53] } 49. Qbe8# { [%clk 0:06:06] } 1-0

[Event "Королевский Гамбит. Южный Федеральный округ."]
[Date "2025-11-21"]
[Round "5.2"]
[Board "2"]
[White "Любимов Иван"]
[WhiteElo "1010"]
[Black "Медведев Назар"]
[BlackElo "982"]
[WebSite "https://www.chessopen.ru"]
[GameId "7d2d94e1-28de-4174-b117-f3299aebf3b9"]
[Result "0-1"]

1. e4 { [%clk 0:10:01] } e5 { [%clk 0:09:59] } 2. Nf3 { [%clk 0:10:01] } Nc6 {
[%clk 0:09:53] } 3. Bb5 { [%clk 0:10:00] } d6 { [%clk 0:09:48] } 4. Bc4 { [%clk
0:09:56] } h6 { [%clk 0:09:40] } 5. Bd5 { [%clk 0:09:44] } Bg4 { [%clk 0:08:54]
} 6. Qe2 { [%clk 0:09:33] } Nd4 { [%clk 0:08:03] } 7. c3 { [%clk 0:09:27] }
Nxe2 { [%clk 0:08:01] } 8. Kxe2 { [%clk 0:09:24] } Bxf3+ { [%clk 0:07:33] } 9.
Kxf3 { [%clk 0:09:22] } Qf6+ { [%clk 0:06:56] } 10. Ke2 { [%clk 0:09:15] } c6 {
[%clk 0:06:25] } 11. d4 { [%clk 0:08:56] } cxd5 { [%clk 0:06:22] } 12. Kf1 {
[%clk 0:08:28] } dxe4 { [%clk 0:06:18] } 13. Ke2 { [%clk 0:08:22] } O-O-O {
[%clk 0:05:37] } 14. Bd2 { [%clk 0:08:08] } Ne7 { [%clk 0:05:24] } 15. Na3 {
[%clk 0:07:59] } Nf5 { [%clk 0:05:10] } 16. Kd1 { [%clk 0:07:57] } Nh4 { [%clk
0:04:44] } 17. Rg1 { [%clk 0:07:43] } Qxf2 { [%clk 0:04:40] } 18. Be1 { [%clk
0:07:39] } Qxg1 { [%clk 0:04:33] } 19. Nc2 { [%clk 0:07:34] } Nxg2 { [%clk
0:04:29] } 20. Kd2 { [%clk 0:07:29] } Nxe1 { [%clk 0:04:23] } 21. Nxe1 { [%clk
0:07:20] } e3+ { [%clk 0:04:17] } 22. Kc2 { [%clk 0:07:15] } Qf2+ { [%clk
0:04:13] } 23. Kd3 { [%clk 0:07:13] } Qd2+ { [%clk 0:04:07] } 24. Ke4 { [%clk
0:07:12] } d5+ { [%clk 0:04:06] } 25. Kf3 { [%clk 0:07:09] } Qf2+ { [%clk
0:04:01] } 26. Kg4 { [%clk 0:07:02] } f5+ { [%clk 0:03:58] } 27. Kh3 { [%clk
0:07:04] } Qf1+ { [%clk 0:03:44] } 28. Kg3 { [%clk 0:07:02] } f4+ { [%clk
0:03:43] } 29. Kh4 { [%clk 0:07:01] } g5+ { [%clk 0:03:41] } 30. Kh5 { [%clk
0:07:04] } Qh3+ { [%clk 0:03:36] } 31. Kg6 { [%clk 0:07:06] } Rg8+ { [%clk
0:03:30] } 32. Kf6 { [%clk 0:07:09] } Rd6+ { [%clk 0:03:27] } 33. Kxe5 { [%clk
0:07:06] } Qe6# { [%clk 0:03:16] } 0-1

[Event "Королевский Гамбит. Южный Федеральный округ."]
[Date "2025-11-21"]
[Round "5.2"]
[Board "2"]
[White "Рочвак Артём"]
[WhiteElo "1009"]
[Black "Данильченко Борис"]
[BlackElo "980"]
[WebSite "https://www.chessopen.ru"]
[GameId "2b8ea61c-4a5d-4ceb-affb-e27814c72111"]
[Result "1-0"]

1. e4 { [%clk 0:10:00] } e5 { [%clk 0:09:58] } 2. Nf3 { [%clk 0:09:40] } Nc6 {
[%clk 0:09:56] } 3. Nc3 { [%clk 0:09:25] } Nf6 { [%clk 0:09:54] } 4. Bc4 {
[%clk 0:09:25] } Bb4 { [%clk 0:09:34] } 5. Ng5 { [%clk 0:09:25] } Bxc3 { [%clk
0:09:32] } 6. bxc3 { [%clk 0:09:24] } Nxe4 { [%clk 0:09:31] } 7. Nxf7 { [%clk
0:09:24] } Qf6 { [%clk 0:08:47] } 8. Nxh8 { [%clk 0:09:24] } d5 { [%clk
0:08:17] } 9. O-O { [%clk 0:09:14] } dxc4 { [%clk 0:07:53] } 10. Qh5+ { [%clk
0:09:11] } Kf8 { [%clk 0:07:34] } 11. Ba3+ { [%clk 0:09:10] } Kg8 { [%clk
0:07:30] } 12. Qe2 { [%clk 0:09:01] } Kxh8 { [%clk 0:07:21] } 13. Qxe4 { [%clk
0:08:59] } Bd7 { [%clk 0:07:13] } 14. Qxc4 { [%clk 0:08:55] } Rc8 { [%clk
0:07:06] } 15. Rfe1 { [%clk 0:08:41] } Re8 { [%clk 0:07:01] } 16. Qd3 { [%clk
0:08:33] } Bf5 { [%clk 0:06:42] } 17. Qd4 { [%clk 0:08:26] } exd4 { [%clk
0:06:37] } 18. Rxe8+ { [%clk 0:08:27] } Qf8 { [%clk 0:06:09] } 19. Rxf8# {
[%clk 0:08:27] } 1-0